GENERAL,ORGANIC. AND BIOCHEMISTRY (Record no. 216213)

MARC details
000 -LEADER
fixed length control field 00522nam a22001937a 4500
008 - FIXED-LENGTH DATA ELEMENTS--GENERAL INFORMATION
fixed length control field 251119b |||||||| |||| 00| 0 eng d
020 ## - INTERNATIONAL STANDARD BOOK NUMBER
International Standard Book Number 978-1-133-10911-2
050 ## - LIBRARY OF CONGRESS CALL NUMBER
Classification number QD 31`.2 .B48 I58
Item number C.1
100 ## - MAIN ENTRY--PERSONAL NAME
Personal name BETTERHEIM
245 ## - TITLE STATEMENT
Title GENERAL,ORGANIC. AND BIOCHEMISTRY
250 ## - EDITION STATEMENT
Edition statement TENTH EDITION
260 ## - PUBLICATION, DISTRIBUTION, ETC.
Place of publication, distribution, etc. USA
Name of publisher, distributor, etc. BROOKS/COLE
Date of publication, distribution, etc. 2013
300 ## - PHYSICAL DESCRIPTION
Extent V-627
500 ## - GENERAL NOTE
General note IT HAS BIBLIOGRAPHIC DATA
650 ## - SUBJECT ADDED ENTRY
Topical term or geographic name entry element SCIENCE AND TECHNOLOGY
700 ## - ADDED ENTRY--PERSONAL NAME
Personal name BETTELHEIM FREDELICK
942 ## - ADDED ENTRY ELEMENTS (KOHA)
Source of classification or shelving scheme Library of Congress Classification
Koha item type Long Loan Book
Holdings
Withdrawn status Lost status Source of classification or shelving scheme Damaged status Not for loan Collection Home library Current library Shelving location Date acquired Inventory number Total checkouts Full call number Barcode Date last seen Date last checked out Copy number Price effective from Koha item type Date due
    Library of Congress Classification     Science & Technology Kisii University Library Kisii University Library On Display 11/19/2025 109837 1 QD 312 .48C158 2013 000000002830 04/27/2026 04/14/2026 C.3 11/19/2025 Long Loan Book  
    Library of Congress Classification     Science & Technology Kisii University Library Kisii University Library On Display 11/19/2025 109836 1 QD 312 .48C158 2013 000000002825 12/11/2025 11/30/2025 C.2 11/19/2025 Long Loan Book  
    Library of Congress Classification     Science & Technology Kisii University Library Kisii University Library On Display 11/19/2025 109835 1 QD 312 .48C158 2013 000000002973 11/27/2025 11/27/2025 C.1 11/19/2025 Long Loan Book 12/11/2025
    Library of Congress Classification     Science & Technology Kisii University Library Kisii University Library On Display 11/19/2025 109838 1 QD 312 .48C158 2013 000000001290 04/09/2026 03/26/2026 C.4 11/19/2025 Long Loan Book